[Event "Nezhmetdinov Memorial rapid 38th"]
[Site "Kazan"]
[Date "2016.05.30"]
[Round "7"]
[White "Indjic, Aleksandar"]
[Black "Gabrielian, Artur"]
[Result "1-0"]
[WhiteElo "2547"]
[BlackElo "2520"]
[PlyCount "101"]
[EventDate "2016.05.29"]
[EventType "swiss (rapid)"]
[EventRounds "9"]
[EventCountry "RUS"]
[SourceTitle "CBM 172 Extra"]
[Source "ChessBase"]
[SourceDate "2016.06.21"]
[SourceVersion "1"]
[SourceVersionDate "2016.06.21"]
[SourceQuality "1"]

1. Nf3 Nf6 2. d3 g6 3. c4 ({RR} 3. e4 Bg7 4. Be2 c5 5. c3 O-O 6. O-O Nc6 7. Nbd2 e5 8. Nc4 d6 9. Bg5 h6 10. Bh4 Be6 11. Ne3 Qb6 12. Qc2 Nh5 13. Nd2 Nf4 14. Bf3 Qc7 15. Bg3 b5 16. Rfe1 Rab8 17. h3 Ne7 {Romanov,E (2626)-Urkedal,F (2570) Kristiansund 2017 0-1 (39)}) 3... Bg7 4. e4 $146 ({RR} 4. Qc2 O-O 5. e3 d5 6. Nbd2 Nc6 7. a3 e5 8. cxd5 Nxd5 9. Be2 f5 10. O-O g5 11. Kh1 g4 12. Ng1 Rf6 13. Re1 b6 14. b4 Rh6 15. Nf1 Bb7 16. Bb2 Qh4 17. Bd1 a6 18. e4 Nde7 {Chan,J-Nielsen,J (2103) Penrith 2003 0-1 (55)}) ({RR} 4. g3 O-O 5. Nc3 d5 6. cxd5 Nxd5 7. Bg2 Nxc3 8. bxc3 Bxc3+ 9. Bd2 Bg7 10. O-O c5 11. Rb1 Nc6 12. Qa4 Rb8 13. Rfc1 Qd6 14. Be3 b6 15. Nd2 Bd7 16. Qh4 Nd4 17. Nc4 Qe6 18. Bxd4 Bxd4 {Escalante,R (2205)-Schut,H (2091) chess.com INT 2024 0-1 (49)}) ({RR} 4. Qc2 c5 5. b3 Nc6 6. Bb2 O-O 7. Nbd2 d6 8. g3 e5 9. Bg2 Nh5 10. O-O f5 11. a3 g5 12. Bc3 a5 13. Kh1 Bd7 14. Qb2 Qf6 15. Ne1 Qh6 16. Nc2 f4 17. Kg1 Nf6 18. Ne4 Bh3 {Rabic,D-Stichlberger,M Finkenstein 1993 0-1}) 4... O-O 5. Be3 d6 6. Nc3 c5 7. h3 Nc6 8. Qd2 e5 9. Be2 Nd4 10. O-O Nh5 11. Nd5 Nxe2+ 12. Qxe2 Be6 13. g4 Bxd5 14. exd5 Nf4 15. Bxf4 exf4 16. Qe4 b5 17. Qxf4 bxc4 18. dxc4 Bxb2 19. Rab1 Bg7 20. Rb7 f5 21. Re1 fxg4 22. Qxg4 Re8 23. Rxe8+ Qxe8 24. Ng5 Qe1+ 25. Kg2 Bd4 26. Qe6+ Qxe6 27. Nxe6 Be5 28. f4 Bf6 29. Kf3 a5 30. a4 h5 31. h4 Bxh4 32. Rg7+ Kh8 33. Rxg6 Rb8 34. Rh6+ Kg8 35. Rxh5 Bf6 36. Rh6 Kf7 37. Ke4 Rb4 38. Kf5 Bc3 39. Rh7+ Ke8 40. Nc7+ Kf8 41. Ne6+ Ke8 42. Nc7+ Kf8 43. Nb5 Rxc4 44. Nxd6 Rxa4 45. Ne4 Bb2 46. Nxc5 Rc4 47. Ne6+ Kg8 48. Rb7 Ba3 49. Kg6 Rc8 50. f5 a4 51. f6 1-0

[Event "Titled Tuesday intern op 7th June"]
[Site "Chess.com INT"]
[Date "2016.06.07"]
[Round "7"]
[White "Ehlvest, Jaan"]
[Black "Meier, Georg"]
[Result "1-0"]
[WhiteElo "2524"]
[BlackElo "2657"]
[PlyCount "123"]
[EventDate "2016.06.07"]
[EventType "swiss (blitz)"]
[EventRounds "9"]
[EventCountry "USA"]
[SourceTitle "EXT 2021"]
[Source "ChessBase"]
[SourceDate "2020.10.23"]
[SourceVersion "1"]
[SourceVersionDate "2020.10.23"]
[SourceQuality "1"]

1. Nf3 d5 2. g3 Bg4 3. Bg2 e6 4. O-O Nf6 5. d3 Be7 6. Nbd2 O-O 7. h3 Bh5 8. e4 ({RR} 8. g4 Bg6 9. Ne5 c5 10. e3 Nc6 11. Nxg6 hxg6 12. g5 Ne8 13. h4 Nd6 14. e4 Rc8 15. c3 b5 16. Qg4 dxe4 17. dxe4 c4 18. Nf3 b4 19. h5 gxh5 20. Qxh5 Qa5 21. Qh3 g6 22. Re1 bxc3 {Esipenko,A (2683)-Meier,G (2628) chess.com INT 2023 1-0 (41)}) 8... c5 9. exd5 $146 ({RR} 9. Qe2 Nc6 10. g4 Bg6 11. e5 Nd7 12. Re1 Qc7 13. Nf1 Rac8 14. Bf4 Nd4 15. Nxd4 cxd4 16. Rac1 Qb6 17. b3 Ba3 18. h4 Bxc1 19. Rxc1 h6 20. h5 Bh7 21. g5 hxg5 22. Bxg5 Rc6 23. Nh2 Rfc8 {Jakubowski,K (2462)-Cogan,N (2110) chess.com INT 2024 1-0 (35)}) ({RR} 9. Re1 Nc6 10. c3 b5 11. Qe2 b4 12. Nf1 bxc3 13. bxc3 Bg6 14. Nh4 Re8 15. Nxg6 hxg6 16. Nh2 Qa5 17. Bd2 dxe4 18. dxe4 Rad8 19. e5 Nxe5 20. Red1 c4 21. Nf3 Nd3 22. Nd4 Bc5 23. Nc6 Qa4 {Murzin,V (2465)-Le,T (2501) Chess.com INT 2020 1-0 (45)}) 9... Nxd5 10. Nc4 Nc6 11. g4 Bg6 12. Nfe5 Nxe5 13. Nxe5 Bf6 14. Nxg6 hxg6 15. c3 Qd7 16. f4 Rfd8 17. Qe2 Rac8 18. Bd2 b5 19. a3 b4 20. axb4 cxb4 21. c4 Ne7 22. Bxb4 Nc6 23. Bc3 Bxc3 24. bxc3 Qxd3 25. Qxd3 Rxd3 26. Ra6 Nd8 27. Rc1 Rd7 28. Bf1 Kf8 29. Rca1 Rcc7 30. R1a5 Nc6 31. Rb5 Ke7 32. Kf2 Rd2+ 33. Ke3 Rc2 34. Rb3 Kd7 35. Be2 Kc8 36. Ra1 Nb8 37. Kd3 Rxe2 38. Kxe2 Nd7 39. Rb4 Nb6 40. Kd3 Rd7+ 41. Kc2 Rc7 42. Kb3 Nd7 43. Ra5 Nc5+ 44. Kc2 Kd7 45. Rbb5 Kd6 46. Rxc5 Rxc5 47. Rxa7 f5 48. Kd3 fxg4 49. hxg4 g5 50. Ra6+ Ke7 51. Kd4 Rc8 52. fxg5 Kf7 53. g6+ Kf6 54. c5 Rd8+ 55. Kc4 Re8 56. c6 Kxg6 57. Kc5 Kg5 58. c7 e5 59. Re6 Rc8 60. Kd6 Kxg4 61. Rxe5 g5 62. Kd7 1-0

[Event "Paris GCT rapid"]
[Site "Paris"]
[Date "2016.06.10"]
[Round "7"]
[White "Aronian, Levon"]
[Black "Caruana, Fabiano"]
[Result "1-0"]
[WhiteElo "2792"]
[BlackElo "2804"]
[Annotator "Besenthal,Klaus Guenter"]
[PlyCount "119"]
[EventDate "2016.06.09"]
[EventType "tourn (rapid)"]
[EventRounds "9"]
[EventCountry "FRA"]
[EventCategory "22"]
[SourceTitle "CBM 173"]
[Source "ChessBase"]
[SourceDate "2016.07.12"]
[SourceVersion "1"]
[SourceVersionDate "2016.07.12"]
[SourceQuality "1"]

1. Nf3 d5 2. c4 d4 3. b4 f6 4. Na3 e5 5. Nc2 c5 6. bxc5 Bxc5 7. d3 Nc6 8. g3 Nge7 9. Bg2 O-O 10. O-O Be6 ({RR} 10... b6 11. Nd2 Bb7 12. Ne4 Qc7 13. Rb1 Rab8 14. Nxc5 bxc5 15. Ba3 Nd8 16. Bxb7 Rxb7 17. Rxb7 Nxb7 18. Qd2 Nd8 19. Rb1 Ne6 20. Rb3 f5 21. e3 Ng5 22. Ne1 f4 23. e4 fxg3 24. fxg3 Nh3+ 25. Kg2 {Todorovic,G (2256)-Guliyev,N (2484) Skopje MKD 2024 0-1 (42)}) 11. Nd2 f5 12. Rb1 b6 $146 ({RR} 12... Rb8 13. a4 Na5 14. Ba3 Bxa3 15. Nxa3 Bd7 16. Qc2 Qe8 17. Nb5 Nc8 18. Nc7 Qg6 19. Nd5 Qe8 20. Qa2 Ne7 21. Nc7 Qc8 22. Nb5 Qc5 23. Na3 Bc6 24. Nc2 Bxg2 25. Kxg2 a6 26. Qa3 Qxa3 27. Nxa3 {Gao Rui (2543)-Li,Y (1844) Hong Kong HKG 2023 1-0 (45)}) ({RR} 12... Rb8 13. Nb3 Bb6 14. Ba3 Re8 15. Nb4 Bf7 16. Nxc6 Nxc6 17. Qd2 e4 18. Qf4 Be6 19. dxe4 Bc7 20. Qc1 fxe4 21. Bxe4 Bh3 22. Bf3 Ne5 23. Bd5+ Kh8 24. Nxd4 Bxf1 25. Kxf1 Bb6 26. Nf5 Qf6 27. Qf4 {Mekhitarian,K (2537)-Nagare Kaivalya Sandip (2217) chess.com INT 2023 0-1 (41)}) 13. Ba3 Bxa3 14. Nxa3 Rc8 15. Qa4 Qd7 16. Nb5 a5 17. Qa3 Nb4 18. Nf3 Ng6 19. Ng5 Kh8 20. Nxe6 Qxe6 21. Qb2 f4 22. Na3 Rf6 23. Nc2 Nxc2 24. Qxc2 h5 25. Kh1 h4 26. g4 f3 27. Bxf3 Rcf8 28. Bd5 Qxg4 29. Rg1 Qh5 30. f3 Nf4 31. Be4 Nh3 32. Rg2 Qh6 33. c5 Rc8 34. Qa4 Rf7 {Diagramm [#]} 35. Qb3 $2 Rf6 ({Mit} 35... Rxc5 $1 {hätte Caruana Aronjans Fehler bestrafen können.}) 36. Qb5 Rfc6 $2 {Will den "schrecklichen" Le4 loswerden und dabei für die Qualität noch einen Bauern einstecken, doch das hätte nicht funktionieren dürfen.} (36... Nf4 {war besser.}) 37. Bxc6 Rxc6 {Diagramm [#]} 38. Rf1 $2 (38. Qxb6 $3 {gewinnt:} Rxb6 39. cxb6 Qd6 40. b7 Qb8 41. Rg6) 38... Rxc5 $2 {Noch ein Fehler. Weiß gewinnt jetzt ein wichtiges Tempo und kommt dadurch mächtig in die Vorwärtsbewegung.} (38... Kh7 {hätte dies vermieden, z.B.} 39. Rg4 ({Oder} 39. cxb6 Rc1 40. Rfg1 $11) 39... Rxc5 40. Qd7 Qf6 $14) 39. Qe8+ Kh7 40. Qd7 Nf4 41. Rg4 Nxe2 (41... Qf6 42. Rfg1) 42. Qe7 Rc1 43. Rxh4 Rxf1+ 44. Kg2 Nf4+ 45. Kxf1 Nh5 46. Qxe5 Qc1+ 47. Qe1 Qc5 48. Kg1 g6 49. Rg4 Nf6 50. Rg2 Nd5 51. Qh4+ Kg7 52. Qg5 Qc6 53. Qe5+ Kh7 54. Rg4 Nf6 55. Qe7+ Kh6 56. Qf8+ Kh7 57. Qf7+ Kh8 58. Rxg6 Qc1+ 59. Kg2 Qc2+ 60. Kh3 1-0

[Event "Paris GCT blitz"]
[Site "Paris"]
[Date "2016.06.11"]
[Round "3"]
[White "Caruana, Fabiano"]
[Black "So, Wesley"]
[Result "1-0"]
[WhiteElo "2804"]
[BlackElo "2770"]
[PlyCount "81"]
[EventDate "2016.06.11"]
[EventType "tourn (blitz)"]
[EventRounds "18"]
[EventCountry "FRA"]
[EventCategory "22"]
[SourceTitle "CBM 173"]
[Source "ChessBase"]
[SourceDate "2016.07.12"]
[SourceVersion "1"]
[SourceVersionDate "2016.07.12"]
[SourceQuality "1"]

1. Nf3 d5 2. g3 Bg4 3. Bg2 c6 4. O-O Nf6 5. d3 e6 6. Nbd2 Be7 7. h3 Bh5 8. e4 O-O 9. Qe1 a5 ({RR} 9... h6 10. a3 a5 11. b3 Nbd7 12. Bb2 c5 13. a4 Re8 14. Nh2 Bg6 15. f4 Nb8 16. e5 Nfd7 17. g4 Bh7 18. f5 exf5 19. gxf5 Nc6 20. f6 Bxf6 21. Ng4 Bxe5 22. Nxe5 Ndxe5 23. Qg3 d4 24. Ne4 {Volkov,S (2151)-Volkov,M (2284) chess.com INT 2024 0-1}) 10. Nh2 $146 ({RR} 10. Ne5 Nfd7 11. Nxd7 Nxd7 12. f4 dxe4 13. dxe4 f6 14. Nf3 Qb6+ 15. Kh2 Rfd8 16. b3 Bb4 17. c3 Be7 18. Be3 Qa6 19. Nd4 Bf7 20. Rd1 a4 21. b4 c5 22. Nf3 cxb4 23. cxb4 Qc4 24. Rf2 Qxb4 {Harikrishna,P (2753)-Sargissian,G (2702) Huaian 2016 1-0 (40)}) ({RR} 10. a4 Na6 11. Rb1 Qc7 12. b3 Nb4 13. Qd1 dxe4 14. dxe4 Rad8 15. Re1 Bc5 16. Kf1 Qb6 17. Re2 Bxf2 18. Rxf2 Nxe4 19. Qe1 Nxg3+ 20. Kg1 Nxc2 21. Qe5 Nf5 22. Bb2 Nb4 23. Bd4 Qa6 24. Bf1 Qa8 {Murzin,V (2280)-Korotylev,A (2573) Sochi 2017 ½-½ (81)}) 10... dxe4 11. dxe4 e5 12. Nc4 Nfd7 13. a4 Na6 14. Ng4 f6 15. Nge3 Nb4 16. Bd2 b6 17. h4 Re8 18. Bxb4 Bxb4 19. c3 Bf8 20. b4 Qc7 21. Bh3 Red8 22. Qb1 Bf7 23. Rd1 Ra7 24. Rd3 axb4 25. cxb4 b5 26. axb5 Rxa1 27. Qxa1 cxb5 28. Na3 Nb8 29. Nxb5 Qb6 30. Rxd8 Qxd8 31. Nd5 Nc6 32. Qc3 Nxb4 33. Nxb4 Qb8 34. Bf1 Qa8 35. Nd5 h5 36. Bc4 Qa4 37. Kg2 Bc5 38. Qb3 Qa1 39. Nxf6+ gxf6 40. Bxf7+ Kh8 41. Qf3 1-0

[Event "Paris GCT blitz"]
[Site "Paris"]
[Date "2016.06.11"]
[Round "9"]
[White "Kramnik, Vladimir"]
[Black "So, Wesley"]
[Result "1-0"]
[WhiteElo "2812"]
[BlackElo "2770"]
[PlyCount "57"]
[EventDate "2016.06.11"]
[EventType "tourn (blitz)"]
[EventRounds "18"]
[EventCountry "FRA"]
[EventCategory "22"]
[SourceTitle "CBM 173"]
[Source "ChessBase"]
[SourceDate "2016.07.12"]
[SourceVersion "1"]
[SourceVersionDate "2016.07.12"]
[SourceQuality "1"]

1. Nf3 d5 2. g3 g6 3. c4 dxc4 4. Qa4+ Nc6 5. Bg2 Bg7 6. O-O e5 7. Nxe5 Bxe5 8. Bxc6+ bxc6 9. Qxc6+ Bd7 10. Qe4 f6 11. f4 Bf5 12. Qc6+ Bd7 13. Qe4 Bf5 14. Qe3 Qd4 15. fxe5 Qxe3+ 16. dxe3 fxe5 17. e4 Bxe4 18. Nc3 $146 ({RR} 18. Nd2 Bd5 19. e4 Be6 20. Nf3 Nf6 21. Nxe5 Nxe4 22. Re1 Bd5 23. Nxc4 O-O 24. Bh6 Nf2 25. Bxf8 Rxf8 26. h4 Bxc4 27. Rec1 Bd5 28. Rxc7 Be6 29. Re1 Nh3+ 30. Kh1 Nf2+ 31. Kg1 Nh3+ 32. Kh1 Nf2+ {Forster,R (2460)-Ris,R (2435) Porto Carras 2018 ½-½ (32)}) 18... Bc6 19. Bg5 Rb8 20. Rad1 h6 21. Bf6 Rh7 22. Bxe5 Rxb2 23. Rf4 Re7 24. Bh8 Rc2 25. Rdf1 Kd7 26. Rxc4 Bb7 27. Rf8 Re8 28. Rxc7+ Kxc7 29. Rxe8 1-0

[Event "Paris GCT blitz"]
[Site "Paris"]
[Date "2016.06.12"]
[Round "14"]
[White "Nakamura, Hikaru"]
[Black "Giri, Anish"]
[Result "1-0"]
[WhiteElo "2787"]
[BlackElo "2782"]
[PlyCount "158"]
[EventDate "2016.06.11"]
[EventType "tourn (blitz)"]
[EventRounds "18"]
[EventCountry "FRA"]
[EventCategory "22"]
[SourceTitle "CBM 173"]
[Source "ChessBase"]
[SourceDate "2016.07.12"]
[SourceVersion "1"]
[SourceVersionDate "2016.07.12"]
[SourceQuality "1"]

1. Nf3 d5 2. b3 c6 3. Bb2 Bg4 4. Ne5 Bf5 5. e3 ({RR} 5. g4 Bc8 6. Rg1 Nd7 7. e3 Nxe5 8. Bxe5 Nf6 9. g5 Nd7 10. Bb2 e5 11. d3 Bd6 12. Nd2 Qe7 13. h4 Nc5 14. Qf3 Bd7 15. Bh3 O-O-O 16. O-O-O Kc7 17. Kb1 Rhf8 18. e4 Bxh3 19. Qxh3 Qe6 {Aravindh,C (2641)-Yilmaz,M (2630) Chess.com INT 2021 1-0 (49)}) ({RR} 5. c4 Nf6 6. g3 Be4 7. f3 Bf5 8. Bg2 e6 9. d4 Nbd7 10. Nd3 Bd6 11. Nc3 h5 12. e4 dxe4 13. fxe4 Bg4 14. Ne2 Qa5+ 15. Qd2 Qxd2+ 16. Kxd2 Bc7 17. e5 Nh7 18. Nc3 O-O-O 19. Ne4 f5 {Yuan,Q (2341)-Seder,M (2041) chess.com INT 2025 0-1 (56)}) 5... Nd7 6. Nxd7 $146 ({RR} 6. Be2 Nxe5 7. Bxe5 f6 8. Bb2 e5 9. O-O Bd6 10. c4 Ne7 11. cxd5 cxd5 12. f4 O-O 13. d4 Bxb1 14. dxe5 fxe5 15. Rxb1 exf4 16. Kh1 Nf5 17. Qxd5+ Kh8 18. exf4 Qh4 19. Qf3 Rae8 20. g3 Qh6 {Mrozinski,W-Kandic,M (2315) Dortmund 1998 0-1}) ({RR} 6. f4 Nxe5 7. Bxe5 Nf6 8. Be2 e6 9. O-O h5 10. c4 dxc4 11. bxc4 Ng4 12. Qe1 Nxe5 13. fxe5 Qa5 14. d4 Qxe1 15. Rxe1 O-O-O 16. c5 f6 17. exf6 gxf6 18. Kf1 e5 19. Rd1 exd4 20. exd4 Bc2 {Bratkovskiy,D (2213)-Borisov,S (2091) Elista 2014 ½-½ (34)}) 6... Qxd7 7. Be2 e6 8. d3 Nf6 9. Nd2 Qc7 10. Nf3 Bb4+ 11. c3 Be7 12. Nh4 Bg6 13. h3 Nd7 14. Nxg6 hxg6 15. Qc2 a5 16. c4 Bb4+ 17. Kf1 O-O 18. h4 Be7 19. h5 gxh5 20. Rxh5 Bf6 21. g4 g6 22. Rh3 Bxb2 23. Qxb2 Qe5 24. Qxe5 Nxe5 25. f4 Nd7 26. cxd5 cxd5 27. Ke1 Kg7 28. Kd2 Rac8 29. g5 Rh8 30. Rxh8 Kxh8 31. Rb1 Kg7 32. b4 axb4 33. Rxb4 Nc5 34. Rb5 Kf8 35. Bf3 Rc7 36. d4 Nd7 37. Be2 Ke7 38. Ra5 Nb6 39. Ra7 Nc8 40. Ra3 Nd6 41. Bd3 Nc4+ 42. Bxc4 Rxc4 43. Rb3 Rc7 44. a4 Kd7 45. Rb5 Kd6 46. Kd3 Kd7 47. a5 Kd6 48. e4 dxe4+ 49. Kxe4 Rd7 50. Rc5 Rd8 51. Rb5 Rd7 52. Rb1 Rc7 53. Rb6+ Ke7 54. Ke5 Rd7 55. Rb5 Rc7 56. d5 exd5 57. Kxd5 f6 58. Rb6 Rd7+ 59. Kc5 fxg5 60. fxg5 Kf7 61. Rf6+ Kg7 62. Rd6 Re7 63. Kb6 Kf7 64. Rf6+ Kg7 65. Rf1 Re5 66. Ra1 Rxg5 67. Kxb7 Rb5+ 68. Kc6 Rb8 69. a6 Kf6 70. a7 Ra8 71. Kb7 Rxa7+ 72. Kxa7 Ke5 73. Kb6 g5 74. Kc5 g4 75. Re1+ Kf4 76. Kd4 g3 77. Rf1+ Kg4 78. Ke3 Kh3 79. Ra1 Kh2 1-0

[Event "Sharjah op rapid"]
[Site "Sharjah"]
[Date "2016.06.12"]
[Round "7"]
[White "Amin, Bassem"]
[Black "Guseinov, Gadir"]
[Result "1-0"]
[WhiteElo "2654"]
[BlackElo "2623"]
[PlyCount "117"]
[EventDate "2016.06.12"]
[EventType "swiss (rapid)"]
[EventRounds "9"]
[EventCountry "UAE"]
[SourceTitle "CBM 173 Extra"]
[Source "ChessBase"]
[SourceDate "2016.08.29"]
[SourceVersion "1"]
[SourceVersionDate "2016.08.29"]
[SourceQuality "1"]

1. e4 c5 2. Nf3 Nc6 3. d3 g6 4. g3 Bg7 5. Bg2 d6 6. O-O e5 7. c3 Nge7 8. a3 O-O 9. b4 b6 10. Nbd2 h6 11. Bb2 Be6 12. Nc4 b5 13. Ne3 a5 14. a4 $146 ({RR} 14. Qd2 axb4 15. axb4 Qb6 16. Rfc1 Rfd8 17. Ne1 cxb4 18. cxb4 Nd4 19. Rxa8 Rxa8 20. Rc3 Ra2 21. Ra3 Rxa3 22. Bxa3 Nec6 23. Nf3 Qa6 24. Bb2 Qa4 25. Bc3 Qb3 26. Nd5 Nc2 27. Ne1 Nxe1 28. Qxe1 Bxd5 {Shristi,J (1909)-Nguyen Thi Mai,H (2222) Kocaeli 2013 0-1 (41)}) 14... cxb4 15. axb5 bxc3 16. Bxc3 Nd4 17. Bxd4 exd4 18. Nc4 d5 19. exd5 Nxd5 20. Nfe5 Nc3 21. Qd2 Bxc4 22. Nc6 Qb6 23. dxc4 Kh7 24. h4 h5 25. Rfe1 a4 26. Nb4 Rae8 27. Nd3 Rc8 28. Nb2 Qd6 29. Bc6 Rxc6 30. bxc6 Qxc6 31. Nd1 Qxc4 32. Nxc3 dxc3 33. Qc2 Qb3 34. Re2 Ra8 35. Qxb3 axb3 36. Rxa8 c2 37. Rxc2 bxc2 38. Rc8 Bd4 39. Rxc2 Kg7 40. Kg2 f5 41. Kf3 Be5 42. Ke3 Kf7 43. Kd3 Kg7 44. Kc4 Kf7 45. Kd5 Bf6 46. Rc7+ Kf8 47. Ke6 Bd4 48. Rc2 Ba1 49. Rc4 Bb2 50. f3 Ba1 51. g4 fxg4 52. fxg4 Bb2 53. gxh5 gxh5 54. Kf5 Kg7 55. Kg5 Be5 56. Rb4 Bg3 57. Rb7+ Kf8 58. Kxh5 Be1 59. Kg5 1-0

[Event "Eurasia Blitz Chess Cup"]
[Site "Almaty"]
[Date "2016.06.18"]
[Round "14"]
[White "Artemiev, Vladislav"]
[Black "Wang, Hao"]
[Result "1-0"]
[WhiteElo "2653"]
[BlackElo "2734"]
[PlyCount "97"]
[EventDate "2016.06.18"]
[EventType "swiss (blitz)"]
[EventRounds "22"]
[EventCountry "KAZ"]
[SourceTitle "CBM 173 Extra"]
[Source "ChessBase"]
[SourceDate "2016.08.29"]
[SourceVersion "1"]
[SourceVersionDate "2016.08.29"]
[SourceQuality "1"]

1. Nf3 d5 2. g3 Bg4 3. Bg2 e6 4. c4 Nf6 5. Qb3 ({RR} 5. b3 Nbd7 6. Bb2 Be7 7. e3 O-O 8. h3 Bh5 9. Nc3 c6 10. Ne2 Nc5 11. d4 Nce4 12. O-O a5 13. a3 a4 14. cxd5 cxd5 15. g4 Bg6 16. Nf4 Qa5 17. b4 Qb6 18. Nd3 Nd6 19. Nfe5 Qb5 {Gutierrez Olivares,D (2354)-Chiu,I (2226) chess.com INT 2024 0-1 (38)}) 5... Bxf3 6. Bxf3 b6 7. Nc3 $146 ({RR} 7. cxd5 exd5 8. Nc3 c6 9. O-O Be7 10. d3 Na6 11. Qa4 Nb8 12. e4 d4 13. e5 dxc3 14. exf6 Bxf6 15. Bxc6+ Nxc6 16. Qxc6+ Qd7 17. Qxa8+ Bd8 18. Re1+ Kf8 19. bxc3 Qxd3 20. Ba3+ Kg8 21. Re8# {1-0 (21) Torlopov,N (2189)-Khmurina,A (1258) Kimry 2013}) 7... c6 8. d4 Be7 9. O-O O-O 10. Rd1 Nbd7 11. Bf4 Qc8 12. e4 dxe4 13. Nxe4 Nxe4 14. Bxe4 Nf6 15. Bf3 Qd7 16. a4 Rac8 17. a5 b5 18. cxb5 cxb5 19. d5 exd5 20. Bxd5 Bc5 21. Bf3 Qf5 22. Kg2 g5 23. Be3 Bxe3 24. Qxe3 Rc2 25. Rd2 Re8 26. Qd3 Qxd3 27. Rxd3 g4 28. Bb7 Rxb2 29. Rd6 Kg7 30. Ra6 Re7 31. Rxa7 Nd5 32. a6 Nb6 33. Rd1 h5 34. h3 gxh3+ 35. Kxh3 Rxf2 36. Rd6 Rf6 37. Rd4 Rg6 38. Rd3 Rc7 39. Rb3 Nd5 40. Rxb5 Nc3 41. Rb2 h4 42. Kxh4 Ne4 43. Bxe4 Rxa7 44. Bxg6 Kxg6 45. Rb6+ Kf5 46. Rb5+ Ke4 47. Ra5 f5 48. Kg5 Kf3 49. Kxf5 1-0

[Event "Eurasia Blitz Chess Cup"]
[Site "Almaty"]
[Date "2016.06.18"]
[Round "14"]
[White "Fressinet, Laurent"]
[Black "Dreev, Alexey"]
[Result "1-0"]
[WhiteElo "2687"]
[BlackElo "2664"]
[PlyCount "173"]
[EventDate "2016.06.18"]
[EventType "swiss (blitz)"]
[EventRounds "22"]
[EventCountry "KAZ"]
[SourceTitle "CBM 173 Extra"]
[Source "ChessBase"]
[SourceDate "2016.08.29"]
[SourceVersion "1"]
[SourceVersionDate "2016.08.29"]
[SourceQuality "1"]

1. Nf3 d5 2. g3 c6 3. Bg2 Bg4 4. h3 Bh5 5. O-O e6 6. d3 ({RR} 6. d4 Nd7 7. Nbd2 Bd6 8. e4 Ne7 9. Re1 O-O 10. c4 a5 11. b3 a4 12. Bb2 Bb4 13. Re3 Qa5 14. g4 Bg6 15. a3 Bxd2 16. Nxd2 axb3 17. Nxb3 Qa4 18. cxd5 cxd5 19. Nd2 Rfc8 20. exd5 Nxd5 {Moussard,J (2684)-Firouzja,A (2785) chess.com INT 2023 0-1 (47)}) ({RR} 6. c4 Bxf3 7. Bxf3 Nf6 8. d4 Nbd7 9. Nd2 Be7 10. b3 O-O 11. Bb2 Rc8 12. a3 a5 13. e3 Ra8 14. Qe2 Qb8 15. Rac1 Rc8 16. e4 dxe4 17. Nxe4 Nxe4 18. Bxe4 Bf6 19. Rcd1 Rd8 20. h4 Qc7 {Senthil,M (2356)-Unzicker,F (2241) Karlsruhe GER 2025 0-1 (39)}) ({RR} 6. c4 Nf6 7. cxd5 Bxf3 8. Bxf3 cxd5 9. a3 Be7 10. Bg2 O-O 11. d3 Nc6 12. Nd2 Qb6 13. Nb3 Rfc8 14. Be3 Qb5 15. Rc1 Nd7 16. Re1 Bf6 17. Rb1 a5 18. Bd2 a4 19. Na1 Nc5 20. b4 axb3 {Dubov,D (2660)-Dreev,A (2652) Khanty-Mansiysk 2016 1-0 (36)}) 6... Nd7 7. e4 Bd6 8. exd5 exd5 $146 ({RR} 8... cxd5 9. c4 Ngf6 10. Nc3 O-O 11. cxd5 exd5 12. d4 Re8 13. Qb3 Nb6 14. a4 a5 15. Bg5 Be7 16. Ne5 Ne4 17. Be3 Nxc3 18. bxc3 f6 19. Rfb1 Ra6 20. Bf1 fxe5 21. Bxa6 bxa6 22. Qxb6 Qc8 23. Kh2 {Antipov,M (2589)-Raja,R (2431) Caleta 2019 1-0}) 9. c4 Ne7 10. Nc3 Nb6 11. Qb3 f6 12. cxd5 Bf7 13. Nd4 O-O 14. Ne6 Bxe6 15. dxe6 Be5 16. Rd1 Bd4 17. Ne2 Kh8 18. Nxd4 Qxd4 19. Be3 Qd6 20. Rac1 Rfd8 21. a4 Nbd5 22. Bc5 Qc7 23. d4 Rac8 24. a5 Qb8 25. Qa3 Re8 26. Re1 Rcd8 27. Qf3 a6 28. Qh5 Qc7 29. Bxd5 Nxd5 30. e7 Rc8 31. Re6 Qxa5 32. Rce1 Qd2 33. R6e2 Qg5 34. Qf7 Qg6 35. Qe6 h5 36. Kh2 a5 37. Re4 Qg5 38. h4 Qg6 39. Bd6 Kh7 40. Kg2 a4 41. Bc5 Ra8 42. Qd7 Rab8 43. Bd6 Ra8 44. Qxb7 Rac8 45. Qd7 Nb6 46. Qe6 Nd5 47. Bc5 f5 48. Qxg6+ Kxg6 49. Re6+ Kf7 50. Kf3 Rc7 51. R6e5 g6 52. Ra1 Nxe7 53. Rxa4 Nd5 54. Rxe8 Kxe8 55. Ra8+ Kf7 56. Rb8 Kf6 57. b4 Kf7 58. Ke2 f4 59. Kf3 fxg3 60. fxg3 Ke6 61. Ke2 Kf5 62. Kf3 Rf7 63. Rc8 Ke6+ 64. Ke4 Kd7 65. Ra8 Rf1 66. Ra7+ Ke6 67. Rg7 Kf6 68. Rg8 Rb1 69. Rc8 Re1+ 70. Kd3 Re6 71. Rf8+ Kg7 72. Rc8 Kf6 73. Rf8+ Kg7 74. Rd8 Re3+ 75. Kd2 Rb3 76. Rd6 Nxb4 77. Rd7+ Kf6 78. Rb7 Rb2+ 79. Kc3 Rg2 80. Bxb4 Rxg3+ 81. Kc4 Rg4 82. Be7+ Ke6 83. Bg5 Rg2 84. Re7+ Kd6 85. Rg7 Rc2+ 86. Kd3 Rh2 87. Bf4+ 1-0

[Event "Eurasia Blitz Chess Cup"]
[Site "Almaty"]
[Date "2016.06.19"]
[Round "16"]
[White "Pantsulaia, Levan"]
[Black "Savchenko, Boris"]
[Result "1-0"]
[WhiteElo "2612"]
[BlackElo "2633"]
[PlyCount "123"]
[EventDate "2016.06.18"]
[EventType "swiss (blitz)"]
[EventRounds "22"]
[EventCountry "KAZ"]
[SourceTitle "CBM 173 Extra"]
[Source "ChessBase"]
[SourceDate "2016.08.29"]
[SourceVersion "1"]
[SourceVersionDate "2016.08.29"]
[SourceQuality "1"]

1. Nf3 Nf6 2. g3 d5 3. Bg2 Bf5 4. d3 e6 5. Nh4 Bg4 6. h3 Bh5 7. g4 Nfd7 8. gxh5 ({RR} 8. Nf5 Bg6 9. Ng3 Bd6 10. e3 c6 11. f4 Qc7 12. O-O f6 13. Nc3 Na6 14. Qf3 O-O 15. Nce2 Nb4 16. Nd4 Bf7 17. a3 Na6 18. Bd2 b5 19. Rae1 Rab8 20. Kh1 c5 21. Nde2 Nb6 22. Bc1 b4 {Khenkin,I (2498)-Pakleza,Z (2484) chess.com INT 2025 0-1 (39)}) ({RR} 8. Nf3 Bg6 9. Nbd2 c5 10. c4 Nc6 11. b3 d4 12. a3 a5 13. Ne4 Be7 14. Ng3 O-O 15. h4 f5 16. h5 Be8 17. gxf5 exf5 18. Bf4 Nf6 19. Qd2 Ng4 20. Nh2 Nce5 21. Bxb7 Rb8 22. Bd5+ Bf7 {Nakamura,H (2736)-Savchenko,B (2535) Chess.com INT 2021 0-1 (45)}) 8... Qxh4 9. e4 dxe4 10. Bxe4 $146 ({RR} 10. Nc3 Nc6 11. Nxe4 Be7 12. Bd2 O-O-O 13. Qg4 h6 14. O-O-O Nb6 15. Rhg1 Rhg8 16. f4 Nd4 17. Kb1 Nf5 18. Qf3 Nd4 19. Qg4 g6 20. c3 Nf5 21. hxg6 Rxg6 22. Qf3 Nd5 23. Bh1 Rdg8 24. Rxg6 Rxg6 {Jochens,A (2255)-Schwarz,F (2227) Gross Groenau 2008 0-1 (67)}) 10... c6 11. Qg4 Qf6 12. Nc3 Na6 13. Be3 Ba3 14. Nd1 Bc5 15. Rg1 g6 16. Qg3 Nb4 17. Kd2 Nd5 18. c3 Nxe3 19. fxe3 O-O-O 20. d4 e5 21. Kc2 Bd6 22. Qf3 Qe7 23. Bd3 f5 24. Qg2 c5 25. hxg6 hxg6 26. Qxg6 e4 27. Bc4 Rxh3 28. Qxf5 Rh2+ 29. Kb3 Kc7 30. Qe6 b5 31. Bd5 Qxe6 32. Bxe6 c4+ 33. Bxc4 bxc4+ 34. Kxc4 Nb6+ 35. Kb3 Rb8 36. Rg7+ Kc6 37. Rg6 Nd5+ 38. Ka4 Rb5 39. b4 Rb8 40. a3 Nb6+ 41. Kb3 Rf8 42. c4 Kc7 43. c5 Nc8 44. cxd6+ Nxd6 45. Rc1+ Kd7 46. Rc5 Rf1 47. Nc3 Nf7 48. Nxe4 Re1 49. Rc3 Rh3 50. Rg7 Ke8 51. Rxf7 Rhxe3 52. Nd6+ Kd8 53. Nc4 Rb1+ 54. Kc2 Rc1+ 55. Kxc1 Rxc3+ 56. Kd2 Rxc4 57. Kd3 Rc1 58. Rxa7 Kc8 59. d5 Rh1 60. Kc4 Kb8 61. Re7 Rh3 62. a4 1-0